Instrumental'naja sistema programmirovanija ES EVM /PRIZ/

Na minha lista:
Detalhes bibliográficos
Autor principal: Kachro, Mil'vi Iochannesovna
Outros Autores: Kal'ja, Achto Peeterovič, Tyugu, Enn Charal'dovič
Formato: Livro
Idioma:russo
Publicado em: Moskva Finansy i statistika 1988
Edição:2. pererab. i dopoln. izd.
Tags: Adicionar Tag
Sem tags, seja o primeiro a adicionar uma tag!

MARC

LEADER 00000nam a2200000 4500
001 c025360
005 20221219130055.9
041 0 |a rus 
044 |a RU 
245 1 0 |a Instrumental'naja sistema programmirovanija ES EVM /PRIZ/  |c Mil'vi Iochannesovna Kachro, Achto Peeterovič Kal'ja, Enn Charal'dovič Tyugu 
250 |a 2. pererab. i dopoln. izd. 
264 1 |a Moskva  |b Finansy i statistika  |c 1988 
300 |a 175 s. 
100 1 |a Kachro, Mil'vi Iochannesovna 
700 1 |a Kal'ja, Achto Peeterovič 
700 1 |a Tyugu, Enn Charal'dovič